| 000 | 00514nam a22002057a 4500 | ||
|---|---|---|---|
| 003 | OSt | ||
| 005 | 20180116183020.0 | ||
| 008 | 151109b xxu||||| |||| 00| 0 eng d | ||
| 020 | _a9789339212032 | ||
| 040 | _c0 | ||
| 082 | _a658.404 2015 | ||
| 100 | _aCliford F. Gray | ||
| 245 |
_aProject Management _bThe Managerial Process _cCliford F. Gray |
||
| 250 | _a6th ed. | ||
| 300 |
_a917 p. _bPB |
||
| 440 | _aProject Management | ||
| 600 | _aCliford F. Gray | ||
| 700 | _aErik W. Larson | ||
| 942 |
_2ddc _cBK |
||
| 999 |
_c350529 _d350529 |
||